| 000 | 00471nam a22001817a 4500 | ||
|---|---|---|---|
| 005 | 20251108165217.0 | ||
| 008 | 250721s9999 xx 000 0 ara d | ||
| 082 | 1 | 4 | _a922.1/ذر |
| 100 | 1 | _aشلبي، محمود | |
| 245 | 1 | 0 | _aإشتراكية أبي ذر / |
| 264 | 1 |
_aبيروت : _bدار الجيل، _c[19-]. |
|
| 300 | _a205ص | ||
| 650 | 1 | 7 | _aالتراجم |
| 650 | 1 | 7 | _aالمسلمون |
| 650 | 1 | 7 | _aالإسلام |
| 942 |
_2ddc _cBK |
||
| 999 |
_c22213 _d22213 |
||